|
|
|
|
| LEADER |
00000nab a2200000 a 4500 |
| 001 |
vtls008901756 |
| 003 |
SK-MaSNL |
| 005 |
20260303071440.0 |
| 008 |
061222c20061222xo mr| 0 0slo |
| 038 |
|
|
|a RVGKPD
|
| 040 |
|
|
|a RVGKPD
|b slo
|c RVGKPD
|e AACR2
|
| 041 |
|
|
|a slo
|
| 044 |
|
|
|a xo
|c SK
|
| 080 |
|
|
|a 355.1
|2 1997
|
| 100 |
1 |
|
|a Mazurková, Renáta,
|d 1972-
|4 aut
|9 859052
|
| 245 |
1 |
0 |
|a Chemici v Rožňave majú unikátnu bojovú techniku
|b jedinečné vozidlo je po stránke vývojovej i konštrukčnej čisto slovenským výrobkom
|c Renáta Mazurková
|
| 300 |
|
|
|b Fotogr.
|
| 610 |
1 |
7 |
|a Slovensko.
|b Armáda.
|b Vojenská posádka Rožňava
|2 rvgkpd
|9 188079
|
| 650 |
0 |
7 |
|a technické vybavenie
|2 rvgkpd
|9 423422
|
| 650 |
0 |
7 |
|a Aligator (vojenské vozidlo)
|2 rvgkpd
|9 1070149
|
| 651 |
|
7 |
|a Rožňava (Slovensko)
|2 rvgkpd
|9 17394
|
| 773 |
0 |
|
|t Korzár : Gemerský denník
|g Roč. VIII, č. 294 (22.12.2006), s. 2
|x 1335-7581
|
| 852 |
|
|
|a RVGKPD
|b KIS3G
|
| 992 |
|
|
|a RBX
|
| 999 |
|
|
|c 1759957
|d 1761887
|